Keeping livestock healthy. (Record no. 11531)

MARC details
000 -LEADER
fixed length control field 00927cam a22003011a 4500
001 - CONTROL NUMBER
control field agr55000005
003 - CONTROL NUMBER IDENTIFIER
control field DLC
005 - DATE AND TIME OF LATEST TRANSACTION
control field 20260227111017.0
008 - FIXED-LENGTH DATA ELEMENTS--GENERAL INFORMATION
fixed length control field 730508s1942 dcuab b f001 0 eng c
010 ## - LIBRARY OF CONGRESS CONTROL NUMBER
LC control number agr55000005
035 ## - SYSTEM CONTROL NUMBER
System control number (OCoLC)617729
040 ## - CATALOGING SOURCE
Original cataloging agency U.S. Dept. of Agr. Libr.
Transcribing agency OKentU
Modifying agency OClW-H
-- OCoLC
-- DNAL
-- UU
-- DLC
042 ## - AUTHENTICATION CODE
Authentication code premarc
050 00 - LIBRARY OF CONGRESS CALL NUMBER
Classification number S21
Item number .A35 1942
070 0# - NATIONAL AGRICULTURAL LIBRARY CALL NUMBER
Classification number 1
Item number Ag84Y 1942
072 #0 - SUBJECT CATEGORY CODE
Subject category code L830
082 ## - DEWEY DECIMAL CLASSIFICATION NUMBER
Classification number 636.0896
086 0# - GOVERNMENT DOCUMENT CLASSIFICATION NUMBER
Classification number A 1.10:942
245 10 - TITLE STATEMENT
Title Keeping livestock healthy.
260 ## - PUBLICATION, DISTRIBUTION, ETC.
Place of publication, distribution, etc. Washington D.C. :
Name of publisher, distributor, etc. U.S. Dept. of Agriculture,
Date of publication, distribution, etc. 1942.
300 ## - PHYSICAL DESCRIPTION
Extent xiii, 1276 p. :
Other physical details ill., maps ;
Dimensions 24 cm.
490 1# - SERIES STATEMENT
Series statement Yearbook of agriculture ;
Volume/sequential designation 1942
504 ## - BIBLIOGRAPHY, ETC. NOTE
Bibliography, etc. note Includes bibliographies.
650 #0 - SUBJECT ADDED ENTRY--TOPICAL TERM
Topical term or geographic name entry element Veterinary medicine
Geographic subdivision United States.
650 #0 - SUBJECT ADDED ENTRY--TOPICAL TERM
Topical term or geographic name entry element Domestic animals.
650 #0 - SUBJECT ADDED ENTRY--TOPICAL TERM
Topical term or geographic name entry element Livestock
General subdivision Diseases.
830 #0 - SERIES ADDED ENTRY--UNIFORM TITLE
Uniform title Yearbook of agriculture (Washington, D.C. : 1926) ;
Volume/sequential designation 1942.

No items available.

Powered by Koha